000 00402nam a2200121Ia 4500
008 171212s9999 xx 000 0 und d
020 _a9780833069801
100 _aDavis, Robert C.
245 _cDavis, Robert C.
_aSelected International Best Practices in Police Performance Measurement
260 _bRAND Corporation
_c2012
650 _aLaw
856 _uhttp://www.jstor.org/stable/10.7249/j.ctt1q60z7
999 _c352526
_d352526